| 000 | 01208cpcaa2200265 a 4500 | ||
|---|---|---|---|
| 001 | mm 80003378 | ||
| 003 | DLC | ||
| 005 | 20260227111701.0 | ||
| 008 | 800115|||||||||||| eng | ||
| 010 | _amm 80003378 | ||
| 040 |
_aDLC _cDLC _dDLC _edacs |
||
| 072 | 7 |
_aG _2lcmd |
|
| 110 | 2 |
_aUniversity of North Carolina at Chapel Hill. _bLibrary. _bSouthern Historical Collection. |
|
| 245 | 0 | 0 |
_aUniversity of North Carolina at Chapel Hill. Library. Southern Historical Collection list of collections, _fcirca 1936. |
| 300 |
_a1 _fitem. |
||
| 506 | 0 | _aOpen to research. | |
| 520 | 8 | _aTypewritten list of collections in the Southern Historical Collection specifying donor and indicating pertinence to women's history. | |
| 546 | _aCollection material in English. | ||
| 580 | _aForms part of: Miscellaneous Manuscripts collection. | ||
| 650 | 0 |
_aWomen _xHistory _xArchival resources. |
|
| 650 | 0 |
_aWomen _zSouthern States _xHistory. |
|
| 651 | 0 |
_aSouthern States _xHistory _xArchival resources. |
|
| 999 |
_c42675 _d42675 |
||